[Event "Kazakhstan Cup Open 2020"]
[Site "Almaty"]
[Date "2020.12.14"]
[Round "4.5"]
[White "Kostenko, Petr"]
[Black "Ismagambetov, Anuar"]
[Result "0-1"]
[WhiteElo "2429"]
[BlackElo "2528"]
[Annotator "TA"]
[PlyCount "174"]
[EventDate "2020.12.01"]
[EventType "tourn"]
[EventCountry "KAZ"]
[SourceTitle "playchess.com"]
[Source "ChessBase"]
[SourceQuality "1"]

{[%evp 24,174,16,14,25,22,43,0,18,16,16,19,22,32,52,0,0,0,18,13,8,5,0,0,58,0,0,0,0,0,0,0,16,-6,0,0,0,0,0,0,0,0,0,0,0,0,0,0,0,0,42,31,26,0,9,0,0,0,19,0,0,0,0,0,0,0,0,0,0,0,0,-19,-8,-13,0,0,0,0,0,-33,-34,-76,-75,-89,-77,-124,-74,-81,-134,-119,-80,-288,-51,-44,0,-216,0,-22,-17,-26,-22,-45,-25,-31,-14,-16,-20,-513,-504,-738,-738,-738,-738,-738,-737,-706,-684,-737,-737,-737,-732,-725,-669,-716,-702,-691,-684,-669,-669,-662,-655,-647,-647,-637,-637,-614,-8,-8,0,0,0,0,0,0,0,-29980,-29981,-29994,-29995,-29995,-29986,-29986,-29987]} 1. e4 c5 2. Nf3 d6 3. d4 cxd4 4. Nxd4 Nf6 5. Nc3 a6 6. Be3 e5 7. Nb3 Be6 8. f3 Be7 9. Qd2 O-O 10. O-O-O Nbd7 11. g4 b5 12. g5 Nh5 13. Nd5 Bxd5 {B90: Sicilian Najdorf: Unusual White 6th moves, 6 Be3 Ng4 and 6 Be3 e5.} 14. exd5 f6 $1 {14...f6 scores better than 14...f5.} 15. h4 (15. gxf6 {is more complex.} Rxf6 16. Na5 Qf8 17. Nc6 Nf4 18. a4) 15... fxg5 {The position is equal.} 16. hxg5 Rxf3 (16... Ng3 $2 17. Bd3 $18) 17. Rxh5 {Threatens to win with Bh3.} Rxe3 $1 18. Qxe3 g6 {[#]} 19. Kb1 $146 (19. Nd4 $1 $14 exd4 20. Qe6+ Kg7 21. Rh1) ({Predecessor:} 19. Bd3 gxh5 20. Kb1 Bxg5 21. Rg1 h6 22. Nd2 Kh8 23. Qf3 Qf6 24. Qh3 Nc5 25. Rf1 {0-1 (36) Mchedlishvili,M (2607)-Preotu,R (2513) Batumi 2018}) 19... gxh5 $11 20. Qh3 Nf8 21. Qxh5 Bxg5 22. c4 bxc4 23. Bxc4 Ra7 {[#]} (23... h6 $11) 24. Bxa6 (24. Na5 $1 $14 {[%mdl 512]} Qf6 (24... Qxa5 25. Qxg5+) 25. Nc6) 24... Rxa6 25. Rg1 Ng6 26. Rxg5 Qf6 27. Rg1 Ra7 28. Qg4 Kg7 29. Nd2 Qf7 30. Nc4 Qxd5 31. Rd1 Qf7 32. Rxd6 h5 33. Qe4 Qf1+ 34. Kc2 Qf2+ 35. Kb3 Qg3+ $1 36. Ne3 Rf7 37. a4 h4 38. Rd3 Qg5 39. Nd5 Qc1 40. Nc3 Qf1 41. Rd1 Qf2 42. Rd6 Qg1 43. Rd1 Qb6+ 44. Qb4 Qc6 45. Qe4 Qb6+ 46. Qb4 Qf2 47. Qg4 Rb7+ 48. Nb5 Kh6 49. Rg1 {[%csl Gg1][%cal Rg4g6]} Qf6 50. Rh1 Re7 51. Nc3 e4 52. Kc2 e3 $1 53. Rh2 Qg5 54. Qf3 Qe5 55. Rg2 Re6 ({Black should try} 55... Qh5 56. Qf1 Kg7) 56. Qg4 $17 Rf6 $1 {[%cal Rf6f2] aiming for ...Rf2+.} 57. Nd1 $2 (57. Rg1 $17) 57... Qc5+ $2 ({Black should play} 57... Qf4 $19 {White must now prevent ...Qxg4.} 58. Qxf4+ Nxf4) 58. Kb1 $1 $15 Qe5 $2 (58... Rd6 $15 59. Nc3 Qe5) 59. Kc2 $1 $19 Re6 $2 (59... Qf4 $19 {And now ...Qxg4 would win.} 60. Qxf4+ Nxf4) 60. Re2 Qc5+ 61. Kb1 {Cut Off at move 61} Qd5 $36 {[%mdl 2048] Black has good play.} 62. Kc2 ({But not} 62. Nxe3 $2 Qd3+ 63. Rc2 Rxe3 $19) 62... Re4 63. Nc3 Qd2+ 64. Rxd2 Rxg4 $11 {[%mdl 4096] Endgame KRN-KRN} 65. Re2 $2 {[%mdl 8192] [#]} (65. Rh2 $11 {and White is okay.}) 65... h3 $1 $19 66. Rxe3 h2 67. Rh3+ Rh4 68. Rxh2 Rxh2+ 69. Kb3 Kg5 70. a5 {If only White now had time for a6....} Ne5 71. Na4 Kf5 72. a6 Rh7 73. Nc5 Nc6 74. Kc4 Ke5 75. Nb7 Na7 76. Kc5 Nc8 77. Nd8 Rc7+ 78. Nc6+ Ke6 79. b4 Kd7 $2 (79... Rh7 $19 {Hoping for ...Rh5+.} 80. b5 Rh5+ 81. Kb4 Kd6) 80. b5 $11 Na7 (80... Nd6 $5 81. a7 $8 Rc8 $11) 81. Kb6 Nxc6 82. bxc6+ Rxc6+ {KR-KP} (82... Kd8 $5) 83. Kb7 Rc7+ 84. Kb6 $2 {[%mdl 8192]} (84. Kb8 $11) 84... Rc1 {Black mates.} 85. Kb7 {[#]} Rb1+ $1 86. Ka8 Kc7 87. a7 Kb6 {Weighted Error Value: White=0.18/Black=0.19} 0-1

[Event "Kazakhstan Cup Open 2020"]
[Site "Almaty"]
[Date "2020.12.14"]
[Round "4.6"]
[White "Jumabayev, Rinat"]
[Black "Utegaliyev, Azamat"]
[Result "0-1"]
[WhiteElo "2654"]
[BlackElo "2496"]
[Annotator "TA"]
[PlyCount "79"]
[EventDate "2020.12.01"]
[EventType "tourn"]
[EventCountry "KAZ"]
[SourceTitle "playchess.com"]
[Source "ChessBase"]
[SourceQuality "1"]

{[%evp 11,79,31,34,29,54,53,51,54,71,40,51,35,41,39,60,46,52,31,56,48,99,83,111,100,95,100,105,107,101,97,104,93,107,96,96,94,97,66,82,78,84,77,70,77,77,65,73,82,88,81,91,50,166,116,104,66,55,40,48,0,0,0,23,0,0,0,0,0,0,0]} 1. e4 c5 2. Nf3 e6 3. d4 cxd4 4. Nxd4 a6 5. c4 Nf6 6. Nc3 Bb4 7. Qd3 {B41: Sicilian: Kan Variation: 5 c4.} d6 {7...0-0 gains popularity.} 8. Nc2 Bc5 9. Be2 {White is slightly better.} Nc6 10. O-O O-O 11. Be3 Bxe3 12. Qxe3 Qc7 13. Rfd1 {[#]} Rd8 $146 ({Predecessor:} 13... Ne5 14. Qd4 Rd8 15. c5 d5 16. exd5 exd5 17. Nb4 Be6 18. f4 Nc6 19. Nxc6 bxc6 {½-½ (35) Kidane,R (2049)-Castrogiovanni,C (2068) Milan 2003}) 14. f4 b6 15. Rd2 Rb8 (15... h6 $14) 16. Rad1 $16 Bb7 {[#]} 17. g4 $1 Ne8 18. g5 Ne7 19. h4 d5 20. cxd5 exd5 21. e5 (21. Nxd5 Nxd5 22. exd5 Nd6 $14) 21... g6 22. Bg4 Ng7 23. Qf2 Ngf5 24. Nd4 Nxd4 25. Rxd4 Bc8 26. Bf3 {[%cal Rf3d5]} Be6 27. h5 gxh5 28. Bxh5 ({Of course not} 28. Nxd5 Nxd5 29. Bxd5 Bxd5 $11) ({Much weaker is} 28. Bxd5 Nxd5 29. Nxd5 Bxd5 $11) 28... b5 29. R4d2 b4 30. Ne2 Nf5 31. Bg4 Ne3 (31... Rbc8 $14) 32. Qxe3 Bxg4 33. Rc1 ({Much worse is} 33. Rxd5 $6 Rxd5 34. Rxd5 Bxe2 $11) 33... Qd7 $1 34. Nd4 {[#] Strongly threatening Nc6.} Rbc8 35. Rdc2 Rxc2 36. Rxc2 Rc8 37. Rxc8+ Qxc8 {The position is equal.} 38. Kf2 Bf5 39. Qd2 a5 40. Ne2 {[%mdl 32768] Weighted Error Value: White=0.09/Black=0.08. Loss on time!?} 0-1

[Event "Kazakhstan Cup Open 2020"]
[Site "Almaty"]
[Date "2020.12.14"]
[Round "5.1"]
[White "Utegaliyev, Azamat"]
[Black "Ibrayev, Nurlan"]
[Result "1/2-1/2"]
[WhiteElo "2496"]
[BlackElo "2395"]
[Annotator "TA"]
[PlyCount "42"]
[EventDate "2020.12.01"]
[EventType "tourn"]
[EventCountry "KAZ"]
[SourceTitle "playchess.com"]
[Source "ChessBase"]
[SourceQuality "1"]

{[%evp 16,42,0,-10,12,0,13,6,6,-6,-9,-14,0,0,0,-7,-7,-7,-1,-3,0,0,0,0,0,0,0,-6,0]} 1. c4 e5 2. Nc3 Nf6 3. Nf3 Nc6 4. d3 d5 5. cxd5 Nxd5 6. e3 Be7 7. Be2 O-O 8. O-O Be6 9. a3 {The position is equal.} a5 {A28: English Opening: Four Knights Variation.} 10. Bd2 Kh8 11. Rc1 f5 12. Na4 {[#]} e4 $146 ({Predecessor:} 12... Qd6 13. Nc5 Bc8 14. Qc2 Bf6 15. Rfd1 Nde7 16. b4 b6 17. Nb3 axb4 18. axb4 Be6 {½-½ (60) Teske,H (2514)-Van den Doel,E (2578) Germany 2006}) 13. Ne1 f4 14. dxe4 fxe3 15. fxe3 Rxf1+ 16. Bxf1 Nf6 17. Nc3 Bb3 18. Qe2 Bc4 19. Qd1 Bb3 20. Qe2 Bc4 21. Qd1 Bb3 {Not much happened in this game.  Weighted Error Value: White=0.03/Black=0.04} 1/2-1/2

[Event "Kazakhstan Cup Open 2020"]
[Site "Almaty"]
[Date "2020.12.14"]
[Round "5.2"]
[White "Ismagambetov, Anuar"]
[Black "Jumabayev, Rinat"]
[Result "1/2-1/2"]
[WhiteElo "2528"]
[BlackElo "2654"]
[Annotator "TA"]
[PlyCount "119"]
[EventDate "2020.12.01"]
[EventType "tourn"]
[EventCountry "KAZ"]
[SourceTitle "playchess.com"]
[Source "ChessBase"]
[SourceQuality "1"]

{[%evp 12,119,0,0,13,-10,-7,-22,3,0,10,0,0,0,12,0,0,0,0,0,25,0,0,0,11,12,57,8,3,2,19,0,0,-42,-13,-66,43,50,48,16,12,0,0,0,0,0,0,-70,-72,-78,-79,-84,-93,-93,-93,-96,-56,-56,-56,-56,-56,-56,-56,-56,-56,-56,-56,-56,-56,-56,-56,-56,-56,-56,-56,-56,-56,-56,-56,-56,-56,-56,-56,-56,-56,-56,-56,-56,-56,-56,0,-37,-37,-37,-37,-37,-37,-37,-37,-37,-37,-37,-37,-37,-37,-37,0,0,0,0]} 1. e4 e6 2. d4 d5 3. Nc3 Nf6 4. e5 Nfd7 5. Nce2 c5 6. c3 Nc6 7. Nf3 Qa5 {C11: French: Classical System: 4 e5 and 4 Bg5 dxe4.} 8. Bd2 Qb6 9. Rb1 {[#]} a5 $146 ({Predecessor:} 9... Be7 10. g3 a5 11. Bh3 Qa7 12. O-O b5 13. Be3 Ba6 14. Qd2 b4 15. Rfc1 O-O {½-½ (53) Lastin,A (2535)-Dreev,A (2650) Elista 1997}) 10. a3 a4 11. Be3 Qa5 12. Bd2 Qb6 13. Be3 Qa5 14. Bd2 Qa7 15. Be3 cxd4 16. cxd4 b5 $1 17. Nf4 b4 18. Bb5 Qb6 19. Bd3 Be7 20. h4 b3 21. Rh3 Ba6 22. Bxa6 Qxa6 23. Ng5 (23. Rg3 $11) 23... Bxg5 ({Better is} 23... Bd8 $15 24. Nd3 Rc8) 24. hxg5 $14 g6 25. Rc1 (25. Ne2 {with more complications.} O-O 26. Bd2 Na7 27. Bc3 Nb5 28. Qd2) 25... Rc8 26. Qe2 (26. Ne2 {seems wilder.} Kf8 27. Nc3 Kg7 28. Qf3 Na5 29. Bd2) 26... Qxe2+ 27. Nxe2 Nb6 28. Rc5 Nc4 29. Nc3 (29. Bc1 $11) 29... Nxb2 $15 30. Bc1 Nc4 $36 {[%mdl 2048] [#] ...b2 is the strong threat. Black has strong initiative.} 31. Nxa4 O-O 32. Rxb3 Nxd4 33. Rd3 Nc2+ 34. Kd1 {[#] aiming for Rxc8.} Ra8 35. Kxc2 {Black must now prevent Nc3.} Rxa4 36. f4 Rfa8 {[%cal Rc4a3]} 37. Kd1 $1 Nxa3 38. Bxa3 Rxa3 39. Rxa3 Rxa3 {[%mdl 4096] Endgame KR-KR} 40. Ke2 Ra7 41. Rc1 Kg7 42. Rh1 Ra3 43. Kf2 Ra2+ 44. Kf3 Rb2 45. g3 Rb3+ 46. Kf2 Rb8 47. Ke3 Rh8 48. Rh6 Ra8 49. Rh1 Ra4 50. Kf2 d4 (50... Ra2+ $15 51. Kf3 Rd2) 51. Kf3 Ra3+ 52. Kf2 d3 53. Ke3 d2+ 54. Kxd2 Rxg3 55. Ke2 Ra3 56. Rh6 Ra8 57. Kf3 Rh8 58. Kg4 Kf8 59. Kf3 Ke7 60. Kg4 {Weighted Error Value: White=0.10/Black=0.07} 1/2-1/2

[Event "Kazakhstan Cup Open 2020"]
[Site "Almaty"]
[Date "2020.12.14"]
[Round "5.3"]
[White "Agmanov, Zhandos"]
[Black "Kostenko, Petr"]
[Result "1/2-1/2"]
[WhiteElo "2407"]
[BlackElo "2429"]
[Annotator "TA"]
[PlyCount "114"]
[EventDate "2020.12.01"]
[EventType "tourn"]
[EventCountry "KAZ"]
[SourceTitle "playchess.com"]
[Source "ChessBase"]
[SourceQuality "1"]

{[%evp 22,114,31,18,41,38,58,34,42,33,34,34,26,19,47,52,69,70,92,79,84,77,95,88,96,95,100,91,95,102,104,107,239,62,70,54,52,48,81,75,125,133,141,112,107,28,116,116,148,93,101,97,121,120,138,98,102,55,123,64,52,56,80,57,73,29,70,33,81,42,66,50,103,26,27,0,0,0,0,-44,0,0,10,0,0,0,0,0,0,0,0,0,0,0,0]} 1. e4 c6 2. d4 d5 3. exd5 cxd5 4. c4 Nf6 5. Nc3 e6 6. Nf3 Bb4 7. cxd5 Nxd5 8. Bd2 Nc6 9. Bd3 Be7 10. a3 Nf6 11. O-O O-O 12. Bg5 Re8 {[#] D42: Queen's Gambit Declined: Semi-Tarrasch: 5 cxd5 Nxd5 6 e3 Nc6 7 Bd3 .} 13. Rc1 $146 ({Predecessor:} 13. Re1 b6 14. Bc2 Bb7 15. Bb3 Rc8 16. Qd3 g6 17. Rad1 Nd5 18. Nxd5 Bxg5 19. Nxg5 Qxg5 20. Qg3 Qd8 21. Ne3 Na5 22. Ba4 Rf8 {0-1 (33) Nava Pereda,C (2273)-Bosque Ortega,X (2197) Benidorm 2013}) 13... h6 14. Bh4 Bd7 {White is slightly better.} (14... Nxd4 $2 15. Nxd4 a6 16. Bg3 $18) 15. Bb1 Nh5 16. Bxe7 Nxe7 17. Ne4 Bc6 18. Ne5 $36 {[%mdl 2048] White has some pressure.} Nf4 19. Qf3 $1 {[%cal Rf3f4]} Neg6 20. Nxc6 bxc6 21. g3 (21. Rxc6 $6 Qxd4 22. Rc2 Rad8 $11) 21... Nd5 22. Rxc6 Nge7 23. Rc5 a5 24. Qd3 Rb8 25. Nd2 Rxb2 26. Nc4 Rb8 (26... Rb7 $16) 27. Nxa5 $2 {[#]} ({White has to play} 27. Qh7+ $18 Kf8 28. Ne5 (28. Nxa5 f5 $14) (28. Rxa5 Nf6 $11)) 27... Nf6 28. Rfc1 Ra8 29. Nc4 Ra7 30. Rd1 Qb8 31. Bc2 Ra6 32. Rb1 Qa7 33. Qf3 (33. a4 $16) 33... Qd7 (33... Ned5 $11 {remains equal.}) 34. Rd1 $16 Ned5 35. Qb3 (35. Ne5 $142 Qd6 36. a4) 35... Rea8 36. Rb5 Qd8 37. Rb1 Rc6 38. Bd3 Ne7 39. Rd1 g6 (39... Nfd5 $14) 40. Be2 (40. a4 $16) 40... Rac8 $14 41. Rb7 Nf5 42. Ne5 R6c7 43. Rxc7 (43. a4 {is more complex.} Nd5 44. Bg4 Rxb7 45. Qxb7 Rc7 46. Qb3) 43... Rxc7 44. Qb2 Qc8 45. Bd3 Nd5 46. Ra1 Rc3 (46... Nc3 $14) 47. Qd2 (47. Bxf5 $16 gxf5 48. a4) 47... Kg7 $1 $11 48. Ng4 {Strongly threatening Bxf5.} h5 49. Bxf5 exf5 50. Ne5 f6 (50... h4 $15 51. Qe2 (51. gxh4 f4 $11) 51... Rc2) 51. Nd3 {The position is equal.} g5 52. Nc5 f4 53. Rc1 Rxa3 54. Qe1 {[#] aiming for Ne6+.} Kh6 55. Ne6 Nc3 {And now ...Ne2+! would win.} 56. Nc5 $1 Nd5 57. Ne6 Nc3 {Weighted Error Value: White=0.20/Black=0.20} 1/2-1/2

[Event "Kazakhstan Cup Open 2020"]
[Site "Almaty"]
[Date "2020.12.14"]
[Round "5.4"]
[White "Makhnev, Denis"]
[Black "Khusnutdinov, Rustam"]
[Result "1/2-1/2"]
[WhiteElo "2486"]
[BlackElo "2491"]
[Annotator "TA"]
[PlyCount "86"]
[EventDate "2020.12.01"]
[EventType "tourn"]
[EventCountry "KAZ"]
[SourceTitle "playchess.com"]
[Source "ChessBase"]
[SourceQuality "1"]

{[%evp 20,86,52,22,0,-27,26,12,30,-1,7,-28,-32,-35,-39,-32,-25,-47,-43,-57,0,0,0,0,0,0,0,0,0,0,0,-38,0,-57,-14,-33,-40,-35,-16,-26,-6,-17,0,-24,0,0,0,0,0,-2,-8,-7,-10,-16,-10,-120,0,0,0,0,0,0,0,0,0,0,0,0,0]} 1. d4 Nf6 2. c4 g6 3. g3 Bg7 4. Bg2 d5 5. cxd5 Nxd5 6. e4 Nb6 7. Ne2 c5 8. d5 e6 9. O-O exd5 10. exd5 O-O 11. Nbc3 Na6 {D72: Fianchetto Grünfeld: 5 cxd5 Nxd5 6 e4 Nb6 (without Nf3).} 12. b3 Bf5 (12... Nb4 $142) 13. Be3 $11 Nc8 14. h3 (14. d6 $5 {[%cal Rg2b7]} Rb8 15. Bf4 $14) 14... Nd6 15. Qd2 (15. g4 $5 {[%cal Rg4f5]} Bd7 16. Rc1 $11) 15... h5 {[#]} 16. Rac1 $146 ({Predecessor:} 16. f3 Re8 17. g4 hxg4 18. hxg4 Bd7 19. Bf4 Bb5 20. Rad1 Bxe2 21. Nxe2 Rc8 22. Nc3 {0-1 (28) Chiburdanidze,M (2513)-Xie,J (2557) Shanghai 2001}) 16... Re8 17. Rfd1 Rc8 18. Nf4 Qa5 19. Bf1 Bd7 (19... Nb4 $15) 20. Ne4 Qxd2 21. Nxd2 Bb5 22. Bxb5 Nxb5 23. Nc4 Nc3 24. Rd2 {Threatens to win with Nd6.} Ne4 {Hoping for ...b5.} 25. Re2 Red8 26. Na5 (26. Bd2 $11 Nxd2 27. Rxd2) 26... Rc7 27. Rec2 Rcd7 28. a3 Nf6 29. Rd1 ({Not} 29. Bxc5 $2 Nxc5 30. Rxc5 b6 $19) 29... Kh7 30. Rcd2 ({Avoid the trap} 30. Bxc5 $2 Nxc5 31. Rxc5 b6 $19) 30... Bh6 31. Ng2 (31. Rd3 {is interesting.} h4 32. d6 hxg3 33. fxg3 Kg7 34. Kg2) 31... Nb8 32. Bxh6 Kxh6 33. Ne3 Kg7 34. b4 Ne4 35. Rd3 cxb4 36. axb4 Nd6 37. Nec4 (37. Rd4 $11) 37... Nxc4 (37... b6 $17 38. Ne5 (38. Nxd6 bxa5 39. Nc4 axb4 $17) 38... bxa5 39. Nxd7 Nxd7 40. bxa5 Rc8) 38. Nxc4 {The position is equal.} Na6 39. b5 Nb4 {[%mdl 64] [#] Double Attack} 40. Ra3 Rxd5 41. Rxd5 Rxd5 42. Rxa7 Rxb5 43. Nd6 Rb6 {Weighted Error Value: White=0.18/Black=0.17} 1/2-1/2

[Event "Kazakhstan Cup Open 2020"]
[Site "Almaty"]
[Date "2020.12.14"]
[Round "5.5"]
[White "Akhmetov, Ayan"]
[Black "Aitbayev, Aslan"]
[Result "1/2-1/2"]
[WhiteElo "2438"]
[BlackElo "2457"]
[Annotator "TA"]
[PlyCount "28"]
[EventDate "2020.12.01"]
[EventType "tourn"]
[EventCountry "KAZ"]
[SourceTitle "playchess.com"]
[Source "ChessBase"]
[SourceQuality "1"]

{[%evp 27,28,0,29]} 1. e4 e5 2. Nf3 Nc6 3. Bb5 a6 4. Ba4 Nf6 5. O-O Be7 6. Re1 b5 7. Bb3 d6 8. h3 O-O 9. c3 Bb7 10. d4 Re8 {[#]} 11. Ng5 $146 ({Predecessor:} 11. Nbd2 Bf8 12. a3 Nb8 13. Bc2 Nbd7 14. a4 g6 15. Bd3 c6 16. b4 Nb6 17. axb5 axb5 18. Rxa8 Bxa8 19. Qb3 exd4 20. cxd4 d5 21. e5 {1-0 (37) Navara,D (2719)-Svidler,P (2723) chess24.com INT 2020}) 11... Rf8 12. Nf3 Re8 13. Ng5 Rf8 14. Nf3 Re8 1/2-1/2

[Event "Kazakhstan Cup Open 2020"]
[Site "Almaty"]
[Date "2020.12.14"]
[Round "5.6"]
[White "Kazhgaleyev, Murtas"]
[Black "Zhalmakhanov, Ramazan"]
[Result "1/2-1/2"]
[WhiteElo "2569"]
[BlackElo "2393"]
[Annotator "TA"]
[PlyCount "125"]
[EventDate "2020.12.01"]
[EventType "tourn"]
[EventCountry "KAZ"]
[SourceTitle "playchess.com"]
[Source "ChessBase"]
[SourceQuality "1"]

{[%evp 20,125,24,18,22,21,30,0,18,14,16,17,28,11,7,12,28,0,38,38,26,12,14,10,48,6,27,0,25,-12,0,-29,-29,-23,-9,-28,0,0,0,-89,36,8,9,0,5,8,62,97,387,373,927,926,921,864,29967,29970,29969,29968,29969,29970,29969,29968,5122,591,403,0,0,-8,-8,-8,-8,-8,-8,-8,-8,-8,-8,-8,0,-8,-8,-8,-8,-8,-8,-8,-8,-8,-8,-8,-8,-8,-8,-8,-8,-8,-8,-8,-8,-8,-8,-8,-8,-8,0,0,0,0]} 1. d4 d5 2. c4 e6 3. Nc3 c5 4. cxd5 exd5 5. Nf3 Nc6 6. g3 Nf6 7. Bg2 cxd4 8. Nxd4 Bc5 9. Nxc6 bxc6 10. O-O O-O 11. Qc2 Bb6 {D33: Tarrasch Defence: 6 g3 sidelines.} 12. Na4 Bd7 13. b3 {[#]} Qe7 $146 ({Predecessor:} 13... Re8 14. Bb2 h5 15. h4 Ne4 16. e3 Rc8 17. Nxb6 axb6 18. Qd1 Bf5 19. Qxh5 Qd7 {0-1 (59) Aronian,L (2775)-Carlsen,M (2872) Moscow 2019}) 14. Bb2 Rfe8 15. e3 Ne4 16. Rac1 Rac8 17. Nc3 f5 18. Na4 h5 19. Nxb6 axb6 20. f3 Nd6 21. Rfe1 Qg5 22. Bd4 Rb8 23. Rcd1 Qh6 24. Qf2 c5 25. Bb2 Bc6 $1 26. a4 Re6 27. Rc1 Rbe8 {[%cal Re6e3]} (27... Ra8 {is more complex.} 28. b4 Nc4 29. bxc5 bxc5 30. e4 fxe4 31. fxe4 Rf8) 28. a5 $1 {[%cal Ra5b6]} Rxe3 29. axb6 (29. Rxe3 $11 {keeps the balance.} Qxe3 30. Qxe3 Rxe3 31. axb6) 29... Rxb3 ({Black should play} 29... d4 $1 $17 30. Ba3 f4 31. gxf4 (31. Bxc5 $2 fxg3 32. hxg3 Re2 $19) 31... Qxf4 32. Bxc5 Rxe1+ 33. Rxe1 Rxe1+ 34. Qxe1 Nf7) 30. Rxe8+ ({Not} 30. Qxc5 $2 Rxe1+ 31. Rxe1 Rxb2 $19) 30... Bxe8 31. Rxc5 Nc4 32. Bd4 {Threatens to win with Qc2.} Rb1+ (32... Rxb6 $11 33. Qe1 Re6) 33. Bf1 $14 {Rc7 is the strong threat.} Nd2 $2 {[%mdl 8192]} (33... Nxb6 $16 {was necessary.} 34. Qc2 Re1) 34. Rc8 $1 $18 {[%cal Rc8e8]} Rxf1+ $2 (34... Qe6 35. Rxe8+ Qxe8 36. Qxd2 Qb5) 35. Qxf1 Nxf1 {[#]} 36. b7 $1 Nxh2 37. Rxe8+ Kf7 38. b8=Q Nxf3+ 39. Kg2 Nxd4 {[%mdl 4096] Endgame KQR-KQN} 40. Rf8+ Ke6 {[#]} 41. Qb6+ (41. Rd8 $142 $1 {[%mdl 512] White wants to mate with Qd6+.} Qd2+ 42. Kh3) 41... Ke5 42. Qb8+ $2 (42. Qc7+ $18 Ke4 43. Qc3) 42... Qd6 {The position is equal.} 43. Re8+ (43. Qc8 {with more complications.} g5 44. Rd8 Qb6 45. Re8+ Ne6 46. Qd7) 43... Ne6 {Strongly threatening ...Qxb8.} 44. Qxd6+ $1 Kxd6 $11 {KR-KN} 45. Rh8 $1 g6 46. Rg8 $1 g5 47. Rh8 Ke5 48. Rxh5 d4 49. Kf2 Nc5 50. Rh8 Ne4+ 51. Kg2 $1 d3 52. Rd8 d2 {White must now prevent ...Nd6.} 53. Rd3 g4 54. Kh2 Ng5 55. Kg2 Nf3 {( -> ...Ne1+)} 56. Kf2 Ke4 57. Ke2 f4 58. gxf4 Kxf4 59. Ra3 Kg3 60. Ra4 Kh3 61. Rf4 Kg3 62. Ra4 Kh4 63. Rb4 {Black escapes into a draw.  Weighted Error Value: White=0.25/Black=0.35} 1/2-1/2

[Event "Kazakhstan Cup Open 2020"]
[Site "Almaty"]
[Date "2020.12.15"]
[Round "6.1"]
[White "Ibrayev, Nurlan"]
[Black "Zhalmakhanov, Ramazan"]
[Result "1/2-1/2"]
[WhiteElo "2395"]
[BlackElo "2393"]
[Annotator "TA"]
[PlyCount "61"]
[EventDate "2020.12.01"]
[EventType "tourn"]
[EventCountry "KAZ"]
[SourceTitle "playchess.com"]
[Source "ChessBase"]
[SourceQuality "1"]

{[%evp 12,61,26,22,25,21,27,21,42,26,72,10,23,23,24,22,31,31,30,28,54,52,58,58,50,43,48,9,14,8,8,6,25,25,31,6,6,6,6,6,6,6,6,0,1,0,6,3,27,22,20,11]} 1. d4 d5 2. c4 e6 3. Nf3 Nf6 4. Nc3 Bb4 5. cxd5 exd5 6. Bg5 h6 7. Bh4 O-O {D38: Queen's Gambit Declined: Ragozin Defence (4 Nf3 Bb4).} 8. e3 Bf5 9. Qb3 Nc6 10. Bxf6 Qxf6 11. Be2 ({White should play} 11. Qxd5 $16 Rad8 12. Qb3) 11... Qd6 (11... Qe6 {with more complications.} 12. O-O Rfd8 13. Rac1 Rab8 14. a3 Bf8) 12. O-O Bxc3 13. Qxc3 {[#]} Ne7 $146 ({Predecessor:} 13... Rfc8 14. Rfc1 Ne7 15. b4 c6 16. a4 Ng6 17. Ne1 Qf6 18. Qd2 a6 19. Ra3 Be4 {½-½ (44) Varga,P (2390)-Zemerov,V (2385) Harkany 1997}) 14. b4 c6 15. a4 {[%cal Ba2a4,Ba4a5][%mdl 32]} b6 16. a5 Rfb8 17. Rfc1 f6 18. Ne1 bxa5 19. bxa5 Qb4 20. Bd3 (20. g4 {is interesting.} Qxc3 21. Rxc3 Bg6 22. Bd3 Be4 23. f3) 20... Qxc3 21. Rxc3 {Black must now prevent Bxf5.} Bxd3 22. Nxd3 Rb5 23. h4 h5 24. g3 Kf7 25. Kg2 Rab8 26. Raa3 Rb1 27. Rc1 Rxc1 28. Nxc1 Ke6 29. Nd3 Kd6 30. Kf3 g6 31. Kg2 {Weighted Error Value: White=0.10/Black=0.05} 1/2-1/2